Normal view
MARC view
Entry Topical Term
001 - CONTROL NUMBER
- control field: 43130
003 - CONTROL NUMBER IDENTIFIER
- control field: dpl
005 - DATE AND TIME OF LATEST TRANSACTION
- control field: 20120228110205.0
008 - FIXED-LENGTH DATA ELEMENTS
- fixed length control field: 120228|||a|||||| | ||| d
040 ## - CATALOGING SOURCE
- Original cataloging agency: dpl
- Transcribing agency: dpl
150 ## - HEADING--TOPICAL TERM
- Topical term or geographic name as entry element: Well-being
- Geographic subdivision: India.
670 ## - SOURCE DATA FOUND
- Source citation: Work cat.: (dpl): 43126, New directions in health psychology /, 2012
670 ## - SOURCE DATA FOUND
- Source citation: Work cat.: (dpl): 43126, New directions in health psychology /, 2012
